00567nam a2200145Ia 4500008004100000020002200041041000800063082002300071100002700094245007600121260002700197300000900224999001900233952016900252230411s9999 xx 000 0 und d a978-93-86896-74-2 aeng aN/613.2/CHA/B09901 aChauhan Deepti9180181 aApplied Nutrition and Dietetics for BSc and Post Basic Nursing Stutents bLotusaJalandharc2022 a344p c158706d158706 001040738NaBTINbBTINd2022-12-17ePatil Medical Book Houseg390.00i7413oN 613.2 CHA B09901pBTIN-BK-9901r2023-04-11 00:00:00v312.00w2022-12-15yBKzB09901